| 000 | 00550nam a2200217Ia 4500 | ||
|---|---|---|---|
| 005 | 20251122095626.0 | ||
| 008 | 230125s9999 xx 000 0 und d | ||
| 020 | _a978-0-241-19951-0 | ||
| 041 | _aeng | ||
| 082 |
_a158.1 _bVAN |
||
| 100 |
_aVanderkam L _9215449 |
||
| 245 | _aI know How She Does It | ||
| 250 | _a1st Ed. | ||
| 260 |
_c2015 _bPortfolio Books _aLondon |
||
| 300 | _a296p | ||
| 500 | _aPersonality Development | ||
| 650 |
_aPersonality Development _9213420 |
||
| 700 |
_aVanderkam L _9215449 |
||
| 906 | _b149.75 | ||
| 942 | _cBK | ||
| 999 |
_c96729 _d96729 |
||